000 03682cam a2200397 i 4500
001 18421666
003 OSt
005 20210414114449.0
008 141230s2014 enka b 001 0 eng c
010 _a 2014497098
015 _aGBB347343
_2bnb
016 7 _a016385412
_2Uk
020 _a9781118505311 (hbk.)
035 _a(OCoLC)ocn843810072
040 _aUKMGB
_beng
_cUKMGB
_erda
_dOCLCO
_dYDXCP
_dBTCTA
_dOCLCF
_dPUL
_dOCLCO
_dCHVBK
_dORU
_dCDX
_dBDX
_dCUD
_dOCLCQ
_dOCLCO
_dZ5F
_dDLC
042 _apcc
050 0 0 _aHM1206.H363
082 0 0 _a302.23
_223
245 0 4 _aThe handbook of development communication and social change. /
_cedited by Karin Gwinn Wilkins.
260 _aU.S.A:
_bWiley Blackwell,
_c2014.
300 _axii, 512p. :
_bill. ;
_c25cm.
490 1 _aGlobal handbooks in media and communication research
500 _aIncludes bibliographical references and index.
505 0 _aContents: Communicating development and social change: Development communication and social change in historical context -- Globalization and development -- Political economy of development -- Advocacy communication -- Equality and human rights -- Public health -- Indigenous communication: From multiculturalism to interculturality -- Communication, development, and the natural environment Emerging issues in communicating development and social change -- Developing strategic communication for social change: The strategic politics of participatory communication -- Rethinking entertainment-education for development and social change -- Storytelling for social change -- Theater for development -- Media development -- Economics and communication for development and social change -- Peace communication for social change: Dealing with violent conflict -- Social and behavior change communication -- A participatory framework for researching and evaluating communication for development and social change -- Emerging issues in strategic communication for development and social change -- Activist approaches for development and social change: Social movement media in the process of constructive social change -- Transnational civil society and social movements -- Communication for transparency and social accountability -- Citizen's journalism: Shifting public spheres from elites to citizens -- Community radio -- Youth-generated media -- Video for change -- Emerging issues in activism and social change communication.
520 _a"This Handbook of Development Communication and Social Change offers a valuable resource for advocates, scholars, and communities engaged in long-term and comprehensive struggles for social justice ... This book fills a critical niche by offering a comprehensive framework in a growing area of research and action, as social movements and organizations make strategic use of communication technologies and processes in a complex world of dominant global industries and oppressive political regimes ... This work integrates the interests of many of the International Association for Media and Communication Research (IAMCR) sections, including that of participatory communication, health communication, community communication, communication policy and technology, gender and communication, political communication, and political economy"--Introduction.
650 0 _aMass media
_xSocial aspects.
650 0 _aCommunication
_xSocial aspects.
650 0 _aCommunication in social action.
650 0 _aSocial change.
700 1 _a,
700 1 _aTufte, Thomas,
700 1 _aObregon, Rafael,
830 0 _aGlobal handbooks in media and communication research.
942 _2lcc
_cBK
999 _c5577
_d13077